000 nam a22 7a 4500
999 _c9268
_d9268
008 180125b ||||| |||| 00| 0 eng d
100 _aNCERT
_95524
245 _aMari gold - II
260 _aNew Delhi
_bNCERT
_c2006